Dugong: endangered siren of the south seas: the legendary mermaid has been so exploited by man that she needs help to survive (Registro nro. 9705)

Detalles MARC
000 -CABECERA
Campo de control 005290000a22001570004500
090 ## - CLASIFICACIÓN LOCAL
Colección AR
Consecutivo 00613
041 0# - IDIOMA
Código de idioma para texto/pista de sonido o título separado
100 1# - ASIENTO PRINCIPAL--NOMBRE PERSONAL
Nombre personal Husar, Sandra L.
245 10 - MENCION DE TITULO
Título Dugong: endangered siren of the south seas: the legendary mermaid has been so exploited by man that she needs help to survive
650 14 - ASIENTO SECUNDARIO DE MATERIA - TERMINO TEMATICO
Término temático o nombre geográfico como elemento de entrada Especies en extinción
650 14 - ASIENTO SECUNDARIO DE MATERIA - TERMINO TEMATICO
Término temático o nombre geográfico como elemento de entrada Mamíferos acuáticos
650 14 - ASIENTO SECUNDARIO DE MATERIA - TERMINO TEMATICO
Término temático o nombre geográfico como elemento de entrada Uso de fauna
653 ## - TERMINO DE INDIZACION - NO CONTROLADO
-- Dugong
-- Dugong dugon
773 1# - Item fuente:
Título Environmental Journal
Especificación de materiales 238
Paginas del Articulo 15-18
Lugar, editorial y fecha de publicación 1975
942 ## - ELEMENTOS ADICIONALES (KOHA)
Tipo de ítem Artículo
Existencias
Withdrawn status Lost status Damaged status No para préstamo Colección Ubicación Permanente Ubicación actual Fecha de adquisición Fuente de Valor Datos de publicación Seriada Total Checkouts Número topográfico Inventario / Código de Barras Date last seen Ejemplar Price effective from Forma de adquisición Tipo de material
      No para Préstamo Hemeroteca Bogotá Bogotá 27/02/2015 Instituto de Ciencias Naturales Fuera de circulación   AR 00613 010929 25/03/2015 1 25/03/2015   Artículo